000 01012cam a22003253a 4500
001 2864
003 PGUSA
005 20140828083022.0
008 011001s2001||||xxu|||||s|||||000 1 eng d
040 _aPGUSA
_beng
042 _adc
050 4 _aPR
100 1 _aHardy, Thomas,
_d1840-1928
245 1 4 _aThe Trumpet-Major
_h[electronic resource] /
_cThomas Hardy
260 _bProject Gutenberg,
_c2001
506 _aPublic domain in the USA.
516 _aElectronic text
653 _aMerchant mariners -- Fiction
653 _aNapoleonic Wars, 1800-1815 -- Fiction
653 _aEngland -- Social life and customs -- 19th century -- Fiction
653 _aBrothers -- Fiction
653 _aHistorical fiction
653 _aSoldiers -- Fiction
653 _aLove stories
653 _aWessex (England) -- Fiction
653 _aGreat Britain -- History -- Regency, 1800-1837 -- Fiction
830 0 _aProject Gutenberg
_v2864
856 4 0 _uhttp://www.gutenberg.org/ebooks/2864
942 _cEB
999 _c232196
_d232196